| 000 | 00502nam a2200205Ia 4500 | ||
|---|---|---|---|
| 003 | OSt | ||
| 005 | 20230530151633.0 | ||
| 008 | 210423s2007 xx 000 0 und d | ||
| 040 | _cAL | ||
| 041 | _aeng | ||
| 082 | _a004 KRIC | ||
| 100 |
_aKRISHNANANDA (L) _9117176 |
||
| 245 | _aComputer organization Ed 4 | ||
| 250 | _a4 | ||
| 260 |
_aMangalore _bElite Publishers _c2007 |
||
| 300 |
_axi,434 _bPB |
||
| 650 |
_aData Processing _9117177 |
||
| 906 | _aComputer ; organization | ||
| 942 |
_2ddc _cBK |
||
| 999 |
_c168449 _d168449 |
||